000 00778cam a22002175a 4500
005 20091103014612.0
008 090911s2009 ii ab b 100 0 eng d
010 _aENG-95390
020 _a9788131305874
_c695.00
035 _aEN-78923
037 _aDBAD/PUB
040 _aDPL
_beng
082 _a540.3
100 _aMittal, Arun
245 _aDicitionary of chemistry /
_c by Arun Mittal
260 _aNew Delhi :
_bAPH Publishing Corporation
_c2009
270 _a4435-36/7. Ansari road, Darya Ganj
_bNew Delhi
_e110002
300 _a 310p.;
_c22 cm. (Hb)
942 _2ddc
_cEN
_mMIT
_h540.3
999 _c31564
_d31564